Red lyrics - Statistics

General Stats
  • This quiz has been taken 249 times
  • The average score is 236 of 283
Answer Stats
Lyrics % Correct
a
99%
I
98%
him
97%
like
97%
Like
97%
Loving
97%
loving
97%
red
97%
Red
97%
was
97%
so
96%
know
95%
all
94%
is
94%
you
94%
never
93%
to
93%
when
93%
dead
92%
blue
91%
blue,
91%
dark
91%
driving
91%
end
91%
gray,
91%
Missing
91%
street
91%
the
91%
down
90%
new
90%
alone
89%
and
89%
And
89%
in
89%
trying
88%
But
87%
known
87%
Losing
85%
no
85%
somebody
85%
right
84%
suddenly
84%
there
84%
you've
84%
it
83%
met
83%
burning
82%
Burning
82%
I'd
82%
of
82%
be
81%
Forgetting
81%
Maserati
81%
your
80%
answer
79%
wind,
79%
as
76%
Faster
75%
my
75%
front
74%
than
74%
there's
74%
favorite
72%
go
72%
head
72%
head,
72%
on
72%
ever
71%
lose
71%
ending
70%
sin,
70%
wanted
70%
before
69%
flashbacks
68%
let
68%
realizing
68%
see
68%
solve
68%
song
68%
passionate
67%
that
67%
words
67%
crossword
66%
easy
66%
just
66%
knowing
66%
love
66%
bright,
65%
colors
65%
they
65%
it's
64%
could
63%
echoes
63%
Fighting
63%
free
63%
with
63%
fall
62%
from
62%
mind
62%
already
61%
change
61%
gotta
61%
impossible
61%
now,
60%
time
60%
autumn,
59%
'Cause
59%
comes
59%
moving
59%
old
59%
still
57%
through
57%
myself
56%
out
56%
strong
56%
Tell
56%
found
53%
Touching
51%
flying
50%
once
50%
Remembering
49%
Memorizing
48%
Regretting
48%
wishing
47%
'round
32%
His
30%
he's
29%
that's
28%
spinning
27%
why
24%
No matching quizzes found
Score Distribution
Percent of People with Each Score
Percentile by Number Answered
Your Score History
You have not taken this quiz